| 000 | 01049cab a2200277 4500 | ||
|---|---|---|---|
| 001 | WB2938-30 | ||
| 008 | 090401t1993 xxu||||| |||| 00| 0 eng d | ||
| 035 | _a(Sirsi) u48097 | ||
| 041 | _aeng | ||
| 100 | _aTutcher, Stephen | ||
| 245 | _aExemption dispute | ||
| 260 | _c1993 | ||
| 350 | _a0 | ||
| 490 |
_aCSW - The Property Week _v45(2) 14 October 1993, 64(1) |
||
| 520 | _aA series of recent cases has drawn attention to the exemption from rates enjoyed by a number of properties, a restaurant vessel moored on the Thames for example, and the difficulties sometimes encountered by owners of agriculturally-linked buildings in gaining an exemption. | ||
| 650 | _aDUXBURY V BELL VO 1992 | ||
| 650 | _aEXEMPTION | ||
| 650 | _aFARMER (VO) AND OTHERS V BUXTED POULTRY LTD | ||
| 650 | _aRATING APPEALS | ||
| 650 | _aSTOCKLEY PARK CONSORTIUM LTD V SAUL VO 1992 | ||
| 650 | _aSTORESHIRE (UK) LTD V WOJCIK VO 1991 | ||
| 650 | _aWESTMINSTER CC V WOODBURY VO 1992 | ||
| 690 | _aRATING AND VALUATION | ||
| 942 | _n0 | ||
| 948 | _c04/03/1997 | ||
| 999 |
_c30223 _d30223 |
||